000 00491nam a2200097Ia 4500
008 170517s9999 xx 000 0 und d
245 _aHannah's Anecdote
300 _aThis is a film about Hannah Bradley who was diagnosed with an aggressive brain tumour in 2011, age 26. Even after surgery and radiotherapy, Hannah's future was still severely limited. Her partner Pete Cohen searched for a solution and...
650 _xTechnology.
856 _uhttp://topdocumentaryfilms.com/hannahs-anecdote/
999 _c335045
_d335045